000
00339pam a2200157a 44500
008
230515b1991 xxu||||| |||| 00| 0 eng d
020
_a
NULL
041
_a
ENGLISH
082
_a
N.D.
100
_a
Pandaya & Shah
245
_a
Machine Design
250
_a
0
260
_a
NULL
_b
Charotar Pub.
_c
1991
300
_a
459
650
_a
NULL
999
_c
574224
_d
574224